Ciudades en emojis (Parte 4) - Estadísticas

Estadísticas generales
  • Esta prueba ha sido intentada 47 veces
    40 desde el último reinicio
  • La puntuación promedio es 11 de 20
Estadísticas de respuestas
Imagen Respuesta % Correcto
Ciudad del Vaticano
84%
São Paulo
81%
Wuhan
72%
Casablanca
69%
Houston
69%
Hong Kong
66%
Glásgow
59%
Detroit
56%
Boston
53%
Seattle
53%
Dubrovnik
50%
Nairobi
50%
Vladivostok
50%
Cannes
47%
Fez
47%
Ginebra
38%
Chengdú
31%
Filadelfia
31%
Praga
25%
Ciudad del Cabo
22%
No se encontraron pruebas coincidentes
Distribución de puntuación
Porcentaje de gente con cada puntuación
Porcentaje por número respondido
Historial de tus puntuaciones
No has intentado esta prueba desde el último reinicio